000 00691nam a22001817a 4500
005 20240828151724.0
010 _aENG-141513
020 _a9789354092558
_c320.00
035 _aEN-125045
037 _bDBAD
082 _a181.499
100 _aPandit, M.P.
_970692
245 _aBuilders of Modern India:
_bSri Aurobindo/
_cBy M.P. Pandit
260 _aNew Delhi
_bPublication Division Ministry of Information and Broadcasting Government of India
270 _aPublication Division Ministry of Information and Broadcasting Government of India, Soochna Bhawan, CGO Complex, Lodhi Road
_bNew Delhi
_e110003
300 _a325p.:
_c22cm(pb)
942 _2ddc
_cEN
_mPAN
_h181.499
999 _c205367
_d205367